000 00813nam a22002657a 4500
001 1216
005 20230808140738.0
008 230808b cb ||||| |||| 00| 0 eng d
020 _a9781846433740
040 _aFISKH
_beng
_cFISKH
_dFISKH
050 _aPZ7.K9483
082 _a612.88
100 _aKubler, Annie
245 _aWhat can I feel?
_cAnnie Kubler
260 _aSydney :
_bChild's Play,
_c2011.
300 _a10 pages :
_c17 cm.
505 _aD
520 _aBrilliant board books for toddlers based around senses. Exploring the concept of touch, this title features familiar scenes and fun words to encourage lively chatter.
521 _a200
_bLexile estimate
521 _aD
_bRaz-Plus estimate
650 _2feelings
650 _2emotions
650 _2feeling
942 _2ddc
_cBK
_n0
999 _c1216
_d1216